000 00400nam a2200157Ia 4500
008 210707s1983 xx 000 0 und d
041 _ahin
082 _aH891.9 VAJH
100 _aVAJPEY (Nandudulare)
245 _aHindi sahity: bisvi shatabdi.
260 _aIlahabad
_bLokbharati Prakashan
_c1983
300 _a340 p
563 _aHB
650 _aHindi Criticism
650 _aHindi Literature
999 _c180321
_d180321